00656nam a2200157Ia 4500008004100000020002800041041000800069050002800077100001700105245009400122260008300216300002400299505008100323650007000404700002400474241229s9999 xx 000 0 und d a9781784021894178402189X aeng aBR65.A323 b.A4313 2009 aAmbrosiaster 0aCommentaries on Romans and 1-2 Corinthiansb/cAmbrosiaster; edited by Gerald Lewis Bray aCredo Reference, Downers Grove, Illinois, Boston:bInterVarsity Press, c2013 a270 p. b; c26 cm. aCommentary on Romans Commentary on 1 Corinthians Commentary on 2 Corinthians aBible. Corinthians.Bible. Corinthians Commentaries.Bible. Romans. aBray, Gerald Lewis